[Event "BIH-chT"]
[Site "Neum"]
[Date "2004.06.03"]
[Round "6.1"]
[White "Golubovic, Boris"]
[Black "Sokolov, Ivan"]
[Result "0-1"]
[WhiteElo "2424"]
[BlackElo "2690"]
[Annotator "Atlas,V"]
[PlyCount "96"]
[EventDate "2004.05.29"]
[EventType "team"]
[EventRounds "9"]
[EventCountry "BIH"]
[SourceTitle "CBM 102"]
[Source "ChessBase"]
[SourceDate "2004.09.23"]
[SourceVersion "1"]
[SourceVersionDate "2004.09.23"]
[SourceQuality "1"]
[WhiteTeam "Siroki Brijeg"]
[BlackTeam "Sarajevo Bosna"]
[WhiteTeamCountry "BIH"]
[BlackTeamCountry "BIH"]

1. c4 e5 2. g3 Nf6 3. Bg2 Bc5 4. Nc3 O-O 5. e3 d6 6. Nge2 c6 7. d4 Bb6 8. b3
Re8 9. h3 Bf5 10. O-O Na6 11. a3 Nc7 12. Na4 Ne6 13. Kh2 Bc7 14. Bb2 h5 15. Rc1
Ng5 16. d5 Qd7 17. dxc6 bxc6 18. Ng1 Rad8 19. f4 exf4 20. exf4 Nge4 21. Nf3 c5
22. Nc3 d5 23. Nxe4 dxe4 24. Ne5 Qe6 25. Qe2 Nd7 26. Qxh5 Nxe5 27. fxe5 Bg6 28.
Qg5 Rd3 29. b4 Rb3 30. Rf2 cxb4 31. axb4 Rxb4 32. c5 Rb3 33. Re2 Qa6 34. Qg4 $2
(34. Rec2 {was to be preferred. war vorzuziehen.}) 34... Bf5 $1 {After this
move Black gets decisive advantage. Nach diesem Zug erhält Schwarz
entscheidenden Vorteil.} 35. Qxf5 Qxe2 36. Bd4 Rd3 37. Rf1 Rf8 (37... Rf3 {
was another winning continuation. führte ebenfalls zum Sieg.}) 38. Rf2 Qd1 39.
Bxe4 g6 40. Qg5 {[%tqu "En","White seems to have sufficient compensation for
the exchange due to good attacking prospects. Yet, Black can decide the game
with a powerful blow. Can you find it?","Counterattack is the best defense!",
"Sacrifice your rook!","d3g3","After this terrific strike White is doomed.",6,
"d3d4","",0,"c7d8","",0,"De","Mit seinen Angriffsaussichten scheint Weiß
ausreichende Kompensation für die Qualität zu haben. Doch Schwarz kann die
Partie mit einem Kraftzug für sich entscheiden. Sehen Sie wie?","Gegenangriff
ist die beste Verteidigung!","Opfern Sie Ihren Turm!","d3g3","Nach diesem
kraftvollen Einschlag ist Weiß verloren.",6,"d3d4","",0,"c7d8","",0]} Rxg3 $1 {
[%csl Gc7,Gd1,Rd4,Re5,Rh2] The winning move. Der Gewinnzug.} (40... Rxd4 {
falls short of scheitert an} 41. Bxg6 {, and White is winning. , wonach sogar
Weiß gewinnt.}) (40... Bd8 {is parried by wird pariert durch} 41. Qh6) 41. Kxg3
({If Falls} 41. Qxg3 {, then , so} Qxd4 {, and wonach} 42. Bxg6 {fails to an}
Bxe5 {scheitert.}) 41... Qxd4 42. Kf3 Qxc5 43. h4 Bd8 44. Qg4 Bb6 45. Re2 Qc1
46. Rg2 Qf1+ (46... Qe3# {was more appealing. war stilgerechter.}) 47. Kg3 Bc7
48. Kh2 Re8 0-1

[Event "Olympiad-36"]
[Site "Mallorca"]
[Date "2004.10.16"]
[Round "2"]
[White "Johansen, Darryl Keith"]
[Black "Avrukh, Boris"]
[Result "0-1"]
[WhiteElo "2483"]
[BlackElo "2614"]
[Annotator "Avrukh,B"]
[PlyCount "99"]
[EventDate "2004.10.15"]
[EventType "team-swiss"]
[EventRounds "14"]
[EventCountry "ESP"]
[SourceTitle "CBM 104"]
[Source "ChessBase"]
[SourceDate "2005.01.27"]
[SourceVersion "1"]
[SourceVersionDate "2005.01.27"]
[SourceQuality "1"]
[WhiteTeam "Australia"]
[BlackTeam "Israel"]
[WhiteTeamCountry "AUS"]
[BlackTeamCountry "ISR"]

1. c4 {Ribli} e5 2. Nc3 Bb4 3. g3 {Ribli: 'Dieser Zug ist ein wenig genügsam -
die prinzipielle Fortsetzung wäre hier 3.Nd5.'} Nf6 4. Bg2 O-O 5. e4 {Ribli:
'Weiß verstärkt seine Kontrolle über das d5-Feld und bereitet 6.Nge2 vor. Die
Hauptalternative ist 6.Nf3.'} Bxc3 6. dxc3 (6. bxc3 c6 {[%cal Gd7d5] is
another line.}) 6... Na6 $5 $146 {[%cal Ga6c5] Telling the truth I wasn't
familiar with the position which arised after 6 dxc3 and played my move after
prolonged thinking. Strangely enough my natural move appeares to be a novelty
and actually a quite interesting one. The point of my last move is, that Black
avoids White's optimal set-up, which normally happens afer the usual 6...d6.} (
6... d6 {[%cal Gb8d7]} 7. Qe2 Nbd7 8. Nf3 Nc5 9. Nd2 $13) 7. Ne2 ({Now} 7. Qe2
{is senseless, because after} Nc5 {White cannot play 8 Nf3, since the e4-pawn
is hanging.}) 7... Nc5 {[%csl Ge4]} 8. Qc2 d6 9. h3 (9. b4 {Ribli} Ncd7 $15 {
[%csl Yc4][%cal Gd7b6,Gb6c4]}) 9... a5 (9... Be6 10. b3 Qc8 (10... Nfd7 11. g4)
11. g4 $1 {[%cal Ge2g3]}) 10. O-O Be6 {'=' Ribli. Ribli: 'Schwarz hat eine
bequeme Stellung. Das weiße Läuferpaar hat keine große Aktivität, weil die
Stellung eher einen geschlossenen Charakter hat.'} (10... a4 11. Be3 Be6 12. b3
$13) 11. b3 Nfd7 {[%cal Gf7f5]} 12. f4 (12. Be3 f5 13. exf5 Bxf5 14. Qd2 Kh8 $1
$15 15. g4 $140 Be4 16. f3 Bd3 17. b4 Bxe2 18. Qxe2 Ne6 $17 {[%csl Gf4]}) (12.
g4 $142 {[%cal Ge2g3]} Qh4 $140 {[%cal Gh7h5]} 13. Ng3) 12... a4 $1 {A very
important resource. First white's rook should be distracted from the f-file. 
Ribli: 'Mit diesem Zwischenzug möchte Schwarz die Türme am Damenflügel
tauschen. '} (12... exf4 13. gxf4 (13. Nxf4 Ne5 14. Be3 $13) 13... f5 14. Nd4
fxe4 15. Nxe6 Nxe6 16. Bxe4 $14 {[%csl Gb7,Gh7]}) 13. Be3 ({Always bad is} 13.
b4 Na6 {[%csl Gc4] and the c4-pawn is falling.}) 13... axb3 14. axb3 Rxa1 15.
Rxa1 {And now it comes:} f5 $1 16. fxe5 $6 (16. exf5 Bxf5 {'=' Ribli.} 17. Qd1
{should have been played.} exf4 (17... Qe7 18. g4 exf4 19. Bxc5 Be6 {[%cal
Gf4f3] Fritz} (19... Nxc5 $140 $2 20. gxf5 Qe3+ 21. Kh1 f3 22. Qd5+ {[%csl Gf3]
}) 20. Bxd6 cxd6 21. Nd4 $16) 18. Nxf4 Qe8 19. Bd4 Be4 $11) 16... dxe5 17. exf5
Bxf5 {Now it's clear, that Black's chances are slightly preferable, due to the
passed e- pawn in the center.} 18. Qd1 c6 $15 {[%csl Gd5,Rg2] Limiting the
activity of white's bishop and taking control over the d5-square.  Ribli: 'Mit
diesem Zug verteidigt Schwarz sich gegen das Schachmotiv auf d5 und beschränkt
die Aktivität des g2-Läufers.'} 19. b4 Nd3 20. Qd2 {[%cal Ga1f1]} (20. Ra7 Nb6
$1 {[%csl Gc4]}) (20. Nc1 e4) 20... Bg6 (20... Nb6 21. Bxb6 Qxb6+ 22. c5 Qd8
23. Rf1) 21. c5 (21. Rf1 Rxf1+ 22. Bxf1 e4 {[%cal Gd7e5] is clearly in Black's
favour.} (22... Nb6 23. Qa2 $1)) 21... Nf6 {[%cal Gf6e4]} 22. Bg5 (22. Rd1 Qa8
$1) 22... h6 23. Bh4 $1 (23. Bxf6 Rxf6 24. Nc1 e4 $15) 23... Qd7 ({Doesn't work
} 23... Nf4 $143 $2 24. Qxd8 Nxe2+ 25. Kf2 Rxd8 26. Bxf6 $8 (26. Kxe2 Bd3+ 27.
Ke3 g5 $19 {[%csl Rh4]}) 26... gxf6 (26... Rd2 27. Ke1 $1) 27. Kxe2 {and White
is not worse.} Rd3 $140 $2 28. Ra8+ Kf7 29. Ra7 $16 {[%csl Rb7]}) 24. Bxf6 (24.
Rd1 Qe6) 24... Rxf6 25. Qe3 (25. Rf1 $2 Rxf1+ 26. Bxf1 Nxc5 $1 $17) 25... Qf7 {
Ribli: 'Schwarz hat ein aktives Figurenspiel, aber in der weißen Stellung ist
alles verteidigt .'} 26. Rd1 $2 ({Much stronger was :} 26. Nc1 $142 e4 27. Ne2
$1 {and White has plenty of counterplay.} (27. Bxe4 $2 Rf1+ 28. Kh2 Qf2+ 29.
Qxf2 Rxf2+ 30. Kg1 Bxe4 31. Nxd3 Rg2+ 32. Kf1 Rxg3 $17)) 26... Qb3 $1 {This
strong sortie was probably overlooked by my opponent, now Black seizes the
initiative.} 27. Qd2 (27. Rxd3 $2 Qb1+ 28. Nc1 Bxd3 $19) (27. Rf1 Rxf1+ 28.
Bxf1 Qd1 $17 (28... Nxb4 29. Qxe5 Nd3 {also comes into consideration.})) 27...
Rf2 28. Rf1 $8 Rxf1+ 29. Bxf1 Qb1 30. g4 Bf7 31. g5 (31. Ng3 Nf4 32. Kh2 Bd5
33. c4 Bf3 $17) 31... h5 $1 {Not allowing any counterplay.} 32. h4 (32. Ng3 Nf4
33. Qe3 h4 34. Ne2 Qe1 $40) (32. Qe3 Bg6 33. h4 Qe1 {[%csl Gh4]} 34. Qg3 Qd2
$17) 32... Bg6 (32... Bd5) 33. Ng3 e4 $17 (33... Nf4 34. Qe3) 34. Ne2 Bf5 $138
{[%cal Gf5h3] We both were in serious timetrouble, so I've decided to win a
few seconds with a move repetition.} 35. Ng3 Bg6 36. Ne2 Bf7 (36... Ne5 37. Nd4
Bf7 {leads to the same position.}) 37. Nd4 Ne5 {[%cal Gf7c4]} (37... Bc4 38.
Kg2 Bd5 {was also strong.}) 38. Kg2 (38. Qf4 Bc4 39. Kg2 Qb2+ 40. Kg1 Bxf1 41.
Kxf1 Qb1+ (41... Nd3 $2 42. Qb8+ Kh7 43. g6+ Kxg6 44. Qe8+ Kh6 45. Qe6+ $18 {
[%cal Ge6e4]}) 42. Kg2 Ng6 43. Qg3 Qb2+ 44. Kg1 Qd2 $1 {[%cal Ge4e3] with
decisive advantage.}) 38... Bd5 $1 {[%cal Ge4e3] Black's bishop comes into the
play with decisive effect.} 39. Qe3 (39. Qf4 e3+ 40. Kg1 Qe1 $19) 39... Ng4 40.
Qf4 e3+ 41. Kg1 Qe1 $1 $19 {This queen sortie decides the issue immediately.
The rest is forced.} 42. Qb8+ Kh7 43. g6+ Kxg6 (43... Kh6 {leads to the same
position after :} 44. Qf4+ Kxg6 45. Qg5+ Kh7 46. Qxh5+ Nh6) 44. Qe8+ Kh7 (44...
Kh6 45. Qh8+) 45. Qxh5+ Nh6 46. Qe2 $8 Qg3+ 47. Bg2 Ng4 48. Nf3 Qf2+ $1 49.
Qxf2 exf2+ 50. Kf1 {And here my opponent resigned before I played the
beautiful mate in 1 with 50...Bc4!.} 0-1

[Event "URS-ch46 First League"]
[Site "Ashkhabad"]
[Date "1978.??.??"]
[Round "4"]
[White "Sveshnikov, Evgeny"]
[Black "Kapengut, Albert Z"]
[Result "1/2-1/2"]
[WhiteElo "2565"]
[BlackElo "2465"]
[Annotator "Bulletin"]
[PlyCount "59"]
[EventDate "1978.10.??"]
[EventType "tourn"]
[EventRounds "17"]
[EventCountry "URS"]
[EventCategory "10"]
[SourceTitle "MCL"]
[Source "ChessBase"]
[SourceDate "1999.07.01"]
[SourceVersion "1"]
[SourceVersionDate "1999.07.01"]
[SourceQuality "1"]

1. g3 e5 2. c4 Nf6 3. Nc3 Bb4 4. Bg2 O-O 5. e4 b5 $5 (5... c6 $6 6. Nge2 d5 7.
cxd5 cxd5 8. exd5 Bf5 9. d4 $1 $16 {Kortschnoj,V-Taimanov,M/Leningrad izt/1973/
}) (5... Nc6 6. Nge2 Bc5 $14) 6. Nxb5 (6. cxb5 a6) 6... Bb7 7. a3 (7. Qc2 Nc6
8. Ne2 a6) 7... a6 8. Nc3 Bxc3 9. dxc3 Nxe4 10. Nf3 d6 11. O-O Nd7 12. Re1 f5
13. Qc2 Ndf6 $15 14. Ng5 Qd7 15. Nxe4 Bxe4 (15... Nxe4 $1 $15) 16. Bxe4 Nxe4
17. f3 Nf6 18. Bg5 h6 19. Bxf6 Rxf6 20. Qd3 Qc6 21. Qd5+ Qxd5 22. cxd5 a5 23.
b4 Rff8 24. Kf2 g5 25. b5 g4 26. c4 gxf3 27. Kxf3 Kf7 28. c5 Ke7 29. Rac1 Kd7
30. a4 1/2-1/2

[Event "ROM-chT"]
[Site "Sovata"]
[Date "1998.??.??"]
[Round "4"]
[White "Gabriel, Christian"]
[Black "Negulescu, Adrian"]
[Result "1-0"]
[WhiteElo "2555"]
[BlackElo "2445"]
[Annotator "Bulletin"]
[PlyCount "68"]
[EventDate "1998.??.??"]
[EventType "team"]
[EventRounds "5"]
[EventCountry "ROU"]
[SourceTitle "EXT 1999"]
[Source "ChessBase"]
[SourceDate "1998.11.16"]
[SourceVersion "1"]
[SourceVersionDate "1998.11.16"]
[SourceQuality "1"]

1. c4 e5 2. Nc3 Bb4 3. g3 Nf6 4. Bg2 O-O 5. Nf3 Re8 6. O-O e4 7. Ng5 Bxc3 8.
bxc3 h6 9. Nh3 b6 10. f3 Bb7 (10... e3 $5) 11. fxe4 Bxe4 12. d3 Bxg2 13. Kxg2
d5 14. cxd5 Nxd5 15. e4 Nf6 (15... Nxc3 16. Qb3 Ne2 17. Qxf7+ Kh8 18. Bxh6 gxh6
19. Rf6 $18) 16. Nf4 Nc6 17. Bb2 Qd7 18. Qe2 Ne5 19. d4 Neg4 20. e5 Nd5 21.
Nxd5 Qxd5+ 22. Kg1 Nf6 23. c4 Qd7 24. Qc2 Nh7 25. d5 c6 26. Rad1 cxd5 27. cxd5
Rac8 28. Qb3 Ng5 29. h4 Ne4 30. Rf4 Nc5 31. Qf3 Na4 32. Ba1 b5 33. Rf1 Rc7 34.
d6 $16 Rb7 $138 1-0

[Event "Al Ain op 4th"]
[Site "Al Ain"]
[Date "2015.12.28"]
[Round "7"]
[White "Wang, Hao"]
[Black "Mchedlishvili, Mikheil"]
[Result "1-0"]
[WhiteElo "2707"]
[BlackElo "2635"]
[Annotator "CB"]
[PlyCount "87"]
[EventDate "2015.12.23"]
[EventType "swiss"]
[EventRounds "9"]
[EventCountry "UAE"]
[SourceTitle "CBM 170 Extra"]
[Source "ChessBase"]
[SourceDate "2016.02.25"]
[SourceVersion "1"]
[SourceVersionDate "2016.02.25"]
[SourceQuality "1"]

1. c4 e5 2. Nc3 Nf6 3. g3 Bb4 4. Bg2 O-O 5. e4 Bxc3 6. bxc3 c6 {ist der
Hauptzug. Zuletzt konnte Weiß jedoch nur schwer etwas gegen 6...Te7 nachweisen}
(6... Re8 $5 {damit fuhr Aronian bei den London Chess Classic ausgezeichnet.
Dieser Zug zwingt den Weißen, zuerst den e4 Bauern zu decken.} 7. d3 c6 8. Nf3
(8. Ne2 d5 9. cxd5 cxd5 10. exd5 Nxd5 11. Rb1 Nc6 12. O-O Bg4 $15 {0-1 (21)
Mamedyarov,S (2757)-Giri,A (2776) Doha QAT 2014}) 8... d5 9. cxd5 cxd5 10. exd5
Nxd5 11. Qc2 Qc7 $1 $11 {1/2-1/2 (33) Giri,A (2784)-Aronian,L (2788)}) 7. Nf3
$1 {setzt sofort das schwarze Zentrum unter Druck. Die Stellungen nach} (7. Ne2
d5 8. cxd5 cxd5 9. exd5 Nxd5 $11 {geben Weiß trotz Läuferpaar wenig Chancen
auf Vorteil. Schwarz kompensiert dieses durch Raumvorteil, die bessere
Struktur und leichte Entwicklung, wohingegen die weißen Leichtfiguren auf e2
und insb. c1 nur schwer ins Spiel finden.}) 7... Nxe4 8. O-O d6 9. Nxe5 Ng5
$146 {der schwarze Zeitverbrauch von bereits ca. 20 Minuten lässt darauf
schließen, dass der Georgier in der Eröffnung überrascht wurde und die
Vorgängerpartie Giri-Anand, Bilbao 2015 nicht kannte.} (9... dxe5 10. Bxe4 Be6
11. Ba3 Re8 12. Qb1 $14 {1-0 (37) Giri,A (2798)-Anand,V (2803) Bilbao ESP 2015}
) 10. Ng4 {der Tausch der Zentrumsbauern hat das weiße Spiel vereinfacht,
entwickelt Schwarz sich normal weiter, findet er sich in einer passiven
Stellung wieder.} f5 $1 (10... Re8 11. d4 Nd7 12. Re1 Rxe1+ 13. Qxe1 Nf8 14.
Qe2 $14) 11. f4 $1 Ne4 $2 (11... fxg4 $1 12. fxg5 Nd7 13. Qxg4 Rxf1+ 14. Bxf1
Ne5 15. Qe4 Qf8 $44 {wäre die prinzipielle Fortsetzung gewesen}) 12. Ne3 Nf6
13. Qc2 $14 {Weiß hat das Läuferpaar, Raumvorteil und gut koordinierte Figuren.
Schwarz hat hingegen erst eine Figur entwickelt - diese brauchte für den Weg
nach f6 geschlagene fünf Züge.} g6 14. Ba3 Na6 15. d4 Rb8 16. Rfe1 Re8 17. Re2
$6 {gibt Schwarz genug Zeit, seine Entwicklung zu beenden} (17. g4 $1 Nxg4 18.
Nxg4 Rxe1+ 19. Rxe1 fxg4 20. Qe4 Bf5 21. Qe7 $16) 17... Be6 18. Rae1 Bf7 19.
Qd3 Nc7 20. d5 c5 {die schwarze Stellung ist weiterhin passiv aber kompakt} 21.
Bc1 Qd7 22. Qc2 Kf8 23. h3 h5 24. Bf3 a6 25. a4 b5 $132 26. cxb5 axb5 27. c4
bxc4 28. Bb2 $6 (28. Qc3 $1 Kg7 29. Bb2 Rxb2 30. Rxb2 Qxa4 31. Kf2 $14) 28...
Ne4 29. Bxe4 Rxe4 30. Nxc4 (30. Qc3 Rd4 $1 {blockiert die lange Diagonale -
Schwarz steht deutlich besser, da ...Tb3 folgt und der Bauern d5 verloren geht.
}) 30... Nxd5 31. Nxd6 Rxb2 $6 (31... Rxe2 {ergibt eine deutlich bessere
Version als die Partiefortsetzung} 32. Rxe2 (32. Qxe2 Qxd6 33. Be5 Qd8 34. Bxb8
Qxb8 $17) 32... Rxb2 33. Qxb2 Qxd6 34. a5 c4 35. Qh8+ Bg8 $15) 32. Qxb2 Qxd6
33. Rxe4 fxe4 34. Rxe4 Nf6 35. Re3 Kg7 36. a5 h4 37. g4 $5 Qxf4 $2 {dieser
unschuldig wirkende Zug entpuppt sich als partieentscheidender Fehler} (37...
Qd1+ $1 38. Kf2 Qh1 {hätte die Partie wohl mit Dauerschach beendet}) 38. Qe5
$1 {erzwingt den Damentausch, wonach der a-Bauer nicht mehr richtig
aufzuhalten ist.} g5 39. a6 Bd5 40. Qxf4 gxf4 41. Re5 Bf3 42. Rxc5 Ne4 43. Rf5
Ng3 44. Rxf4 1-0

[Event "Bundesliga 1516"]
[Site "Germany"]
[Date "2016.03.13"]
[Round "11.5"]
[White "Naiditsch, Arkadij"]
[Black "Smerdon, David"]
[Result "0-1"]
[WhiteElo "2684"]
[BlackElo "2516"]
[Annotator "CB"]
[PlyCount "74"]
[EventDate "2015.09.18"]
[EventType "team-tourn"]
[EventRounds "15"]
[EventCountry "GER"]
[SourceTitle "CBM 172"]
[Source "ChessBase"]
[SourceDate "2016.05.12"]
[SourceVersion "1"]
[SourceVersionDate "2016.05.12"]
[SourceQuality "1"]
[WhiteTeam "Baden-Baden"]
[BlackTeam "Werder Bremen"]
[WhiteTeamCountry "GER"]
[BlackTeamCountry "GER"]

1. c4 e5 2. Nc3 Nf6 3. g3 d5 4. cxd5 Nxd5 5. Bg2 Nb6 6. e3 c5 7. Nge2 Nc6 8.
O-O Be7 9. f4 O-O 10. b3 f6 11. Ba3 Be6 12. Ne4 Nb4 13. f5 Bf7 14. Bxb4 cxb4
15. g4 a5 16. N2g3 a4 17. Rb1 axb3 18. axb3 Kh8 19. h4 Ra3 20. g5 fxg5 21. hxg5
Bxg5 22. Qg4 Bf6 23. Nxf6 gxf6 24. Qxb4 Ra2 25. Rf2 Rg8 26. Qh4 Nd7 27. Ne4 Bd5
28. Rc1 Bxb3 29. Kh2 Ra4 30. Bf3 Bd5 31. d3 b6 32. Rd1 Nc5 33. Rb2 Bxe4 34.
dxe4 Qf8 35. Rxb6 $2 {[#]} (35. Rg1 Rxg1 36. Kxg1 Qd8 $17) 35... Nxe4 {Und es
ist aus.} ({Vielleicht rechnete Weiß hier nur mit} 35... Ra2+ $2 36. Kh1 $11)
36. Bg2 ({Die Hauptdrohung lautete} 36. Z0 Nd2 37. Qxa4 Nxf3+ 38. Kh3 Qh6+ {
und Matt.}) 36... Qg7 (36... Ra2 {gewinnt auch} 37. Qh3 Qg7 38. Rg1 Ng5 39. Qg4
Qh6+ 40. Kg3 Ne4+ $19) 37. Rb2 Nc3 0-1

[Event "EU-chT (Men) 11th"]
[Site "Pula"]
[Date "1997.05.??"]
[Round "1.2"]
[White "Hauchard, Arnaud"]
[Black "Dautov, Rustem"]
[Result "0-1"]
[WhiteElo "2510"]
[BlackElo "2590"]
[Annotator "Dautov,R"]
[PlyCount "134"]
[EventDate "1997.05.05"]
[EventType "team-swiss"]
[EventRounds "9"]
[EventCountry "CRO"]
[SourceTitle "CBM 057 Extra"]
[Source "ChessBase"]
[SourceDate "1997.05.01"]
[SourceVersion "1"]
[SourceVersionDate "1997.05.01"]
[SourceQuality "1"]
[WhiteTeam "France"]
[BlackTeam "Germany"]
[WhiteTeamCountry "FRA"]
[BlackTeamCountry "GER"]

1. c4 {Hecht} Nf6 2. Nc3 e5 3. g3 Bb4 4. Bg2 O-O 5. e4 Bxc3 6. dxc3 d6 7. Qe2
Nbd7 8. Nf3 Nc5 9. Nd2 (9. Nh4 a6 10. b3 (10. f3 b5 11. Be3 bxc4 12. Bxc5 dxc5
13. Rd1 Qe8 14. O-O Be6 15. Rd2 Qa4 $15 {Kiselev-Maljutin/Marianske Lazne 1989}
) 10... b5 11. Ba3 Nfd7 12. O-O Bb7 13. f3 Bc6 14. Nf5 (14. Rfd1 $5) 14... bxc4
15. bxc4 $11 {Kortchnoi,V-Mecking,H/Augusta (m/1) 17/60 1974}) 9... a6 (9... a5
10. b3 {/\0-0,Rd1,Nf1}) 10. a4 a5 $1 {><b3} 11. O-O Bg4 $1 12. f3 Be6 13. Rd1
Nfd7 14. Ra3 (14. Nf1 $2 Nb6 $17) 14... f5 (14... Nb6 $1 15. b3 f5 16. exf5
Bxf5 17. Nf1 Qf6 18. Ne3 (18. Be3 Nbd7 $15) 18... Bg6 19. Ng4 Qf5 20. Be3 Nbd7
$15) 15. exf5 Bxf5 16. Nf1 Bg6 {/\Bh5} 17. b4 $1 Ne6 (17... axb4 $6 18. cxb4
Nxa4 19. c5 $36 dxc5 $2 20. Bh3 Be8 21. Qa2+ Bf7 22. Qa1 $16) 18. f4 axb4 (
18... Ra7 19. fxe5 Nxe5 20. c5 $13) 19. cxb4 Nd4 20. Qb2 c6 21. fxe5 $2 (21. a5
$1 Qf6 22. Ne3 (22. Be3 $6 Nc2 $15) (22. fxe5 $6 dxe5 $36) (22. Kh1 $5 $13 {/\}
Rae8 $6 23. a6 bxa6 24. Rxa6) 22... Bh5 23. fxe5 dxe5 24. Rf1 Qe6 $15) 21...
dxe5 {><f3} 22. Be3 Nf3+ 23. Kh1 (23. Bxf3 $2 Rxf3 24. Bg5 $2 Rxf1+ 25. Kxf1
Qxg5 26. Rxd7 Qf5+ $19) 23... Qe7 24. a5 e4 25. Qc3 (25. Nd2 Rf7 {/\Nde5})
25... Qe6 $17 26. Bf4 Nde5 27. Ne3 (27. Bxe5 Nxe5 28. Ne3 Nd3 $17) 27... Nd3 $1
28. Bxf3 exf3 29. Rxd3 f2 30. Kg2 Bxd3 31. Qxd3 Rad8 $19 32. Qc2 (32. Qb1 g5
33. Bxg5 f1=Q+ 34. Nxf1 Qe2+ 35. Kg1 Rd1 $19) (32. Qf1 Qe4+ 33. Kh3 Rxf4 34.
gxf4 Qf3+ 35. Kh4 Rd6 $19) 32... g5 33. Qxf2 Qe4+ 34. Kh3 gxf4 $2 $138 (34...
Rd6 $1 35. Ng4 gxf4 36. gxf4 Rxf4 $19) 35. gxf4 Rxf4 36. Qg2+ Kf7 37. Qxe4 Rxe4
38. Kg3 Red4 39. Kf3 Rd3 40. Rxd3 Rxd3 {Hecht: Der Springer ist die schwächere
Leichtfigur als der Läufer. Es ist unmöglich, gleichzeitig die
Damenflügelbauern und den h-Bauern zu verteidigen. Läufer und Bauer können
sich gegenseitig decken, zudem kann der Läufer aus der Ferne decken. Das alles
kann der Springer nicht!} 41. Ke4 Rb3 42. Nc2 Rb2 (42... h5 $1 43. Kd4 Rh3 44.
b5 cxb5 45. cxb5 Rxh2 46. Nb4 Rh4+ 47. Kc5 (47. Kc3 Re4 48. a6 bxa6 49. bxa6
Re3+ $19) 47... Re4 48. Nd3 h4 49. a6 bxa6 50. bxa6 h3 51. a7 Ra4 52. Kb6 h2
53. Nf2 Kg6 $19) 43. Kd3 Ke7 44. Kc3 Rb1 45. Nd4 Kd6 46. b5 cxb5 47. cxb5 Kc5
48. a6 bxa6 49. bxa6 Kb6 50. Kd3 Re1 51. Nf3 Re7 52. Kd4 Kxa6 53. Ne5 Kb6 54.
Ke4 Kc5 55. Kf5 Kd6 56. Ng4 Rg7 57. h4 Ke7 58. h5 Rg8 59. Ne3 Kf7 60. Ng4 Ra8
61. Kg5 Kg7 62. Ne3 Ra5+ 63. Kh4 Kf6 64. Ng4+ Kf5 65. Ne3+ Kf4 66. Ng2+ Ke4 67.
Kg3 Ra1 0-1